Представление документа в формате RUSMARC

ПолеНазваниеЗначение
  Тип записи a
  Библиографический уровень a
001 Контрольный номер RU/CBS_Ul/BASE/529597805
005 Дата корректировки 20250606105401.7
100 Данные общей обработки __
a Данные общей обработки 20250521d2016####|||c0rusy0189 ca
101 Язык документа 0_
a Язык текста rus
102 Страна публикации __
a Страна публикации RU
105 Кодированные данные (монография) __
a Кодированные данные (монография) y###||||000|y
200 Заглавие и сведения об ответственности 1_
a Заглавие День первый, день последний и жизнь вечная...
b Общее обозначение материала Текст
e Сведения, относящиеся к заглавию [библиотекарь городской библиотеки №4 рассказывает о творчестве ульяновской поэтессы Е. Токарчук]
f Первые сведения об ответственности Л. Серзина
300 Общие примечания __
a Общие примечания Ограничения по возрасту - 12+
461 Уровень набора _0
1 2000
a Симбирскъ
463 Уровень физической единицы _0
1 2000
a № 8 (38)
v С. 70-75
1 2101
d 2016
1 001RU/REG73/CBS_GRAD/6ba7d2617a3548b6a670429a112fc434
600 Персоналии _0
a Персоналии (Фамилия) Токарчук
b Персоналии (Имя, инициалы) Е. В.
606 Тематические рубрики 0_
a Основная рубрика Токарчук, Елена Васильевна (1976 - 2007)
610 Ключевые слова 0_
a Ключевые слова российское литературоведение
610 Ключевые слова 0_
a Ключевые слова ульяновские поэты
610 Ключевые слова 0_
a Ключевые слова российские поэтессы
610 Ключевые слова 0_
a Ключевые слова творческие встречи
610 Ключевые слова 0_
a Ключевые слова Токарчук Елена
610 Ключевые слова 0_
a Ключевые слова встречи в библиотеке
686 Индексы других классификаций __
a Классификационный индекс 83.3(2Рос=Рус)6
2 Код системы rubbk
700 Автор _1
a Фамилия Серзина
b Имя (инициалы) Л.
801 Источник записи _0
a Страна RU
b Организация RuCBSGrad
c Дата составления 20250521
g Правила каталогизации RCR
801 Источник записи _1
a Страна RU
b Организация RuCBSGrad
c Дата составления 20250421
g Правила каталогизации RCR
852 Данные о местонахождении __
a Наименование организации МБУК ЦБС г. Димитровграда
901 Тип документа __
t Тип документа b
w Контрольный № источника RU/REG73/CBS_GRAD/6ba7d2617a3548b6a670429a112fc434
909 Создатель записи __
a Создатель записи Тенигина
b Дата создания записи 20250521